| 000 | 01275nam a2200313Ia 4500 | ||
|---|---|---|---|
| 001 | ebr10194358 | ||
| 003 | CaPaEBR | ||
| 006 | m u | ||
| 007 | cr cn||||||||| | ||
| 008 | 850918s1986 mnu sb s001 0 eng d | ||
| 010 | _z 85020942 | ||
| 020 | _z9780816614561 | ||
| 020 | _z0816614571 (pbk.) | ||
| 040 |
_aCaPaEBR _cCaPaEBR |
||
| 035 | _a(OCoLC)230204855 | ||
| 050 | 1 | 4 |
_aPQ6065 _b.L58 1986eb |
| 245 | 0 | 0 |
_aLiterature among discourses _h[electronic resource] : _bthe Spanish golden age / _cedited and introduced by Wlad Godzich & Nicholas Spadaccini. |
| 260 |
_aMinneapolis : _bUniversity of Minnesota Press, _cc1986. |
||
| 300 | _axv, 181 p. | ||
| 504 | _aIncludes bibliography and index. | ||
| 533 |
_aElectronic reproduction. _bPalo Alto, Calif. : _cebrary, _d2009. _nAvailable via World Wide Web. _nAccess may be limited to ebrary affiliated libraries. |
||
| 650 | 0 |
_aSpanish literature _yClassical period, 1500-1700 _xHistory and criticism. |
|
| 651 | 0 |
_aSpain _vLiteratures. |
|
| 655 | 7 |
_aElectronic books. _2local |
|
| 700 | 1 | _aGodzich, Wlad. | |
| 700 | 1 | _aSpadaccini, Nicholas. | |
| 710 | 2 | _aebrary, Inc. | |
| 856 | 4 | 0 |
_uhttp://site.ebrary.com/lib/rucke/Doc?id=10194358 _zAn electronic book accessible through the World Wide Web; click to view |
| 999 |
_c221545 _d221545 |
||